00603 2200169 4500245005600000020002200056250001100078100001900089650001600108005001900124260004200143041001400185084000800199300002300207500019400230336000900424 aHe Loves Me , He Loves Me NotcElcy AnastasiahText a978-979-22-3844-0 aCet. 1 aElcy Anastasia aNovel Fiksi a20231004131628 aJakartabGramedia Pustaka Utamac2008 aIndonesia a813 a176 hlm. :c20 cm. aLala dan Alex sudah berteman sejak kecil tapi entah sejak kapan, metreka jadi selalu berantem dan saling cela. Mereka bahkan punya julukan satu sama lain. Lalat buat lala , Jelek buat Alex. atext